|
|
|
|
| LEADER |
01174nam a2200313 i 4500 |
| 001 |
17591 |
| 003 |
BD-DhAAL |
| 005 |
20140521162534.0 |
| 008 |
140521s1976 nyuaf b 001 0 eng |
| 010 |
|
|
|a 77016262
|
| 020 |
|
|
|a 015696158X (pbk.)
|
| 040 |
|
|
|a DLC
|c DLC
|d DLC
|d BD-DhAAL
|
| 050 |
1 |
0 |
|a BL458
|b .S76 1978
|
| 082 |
0 |
0 |
|a 291.2/11
|
| 100 |
1 |
|
|a Stone, Merlin.
|9 4618
|
| 245 |
1 |
0 |
|a When God was a woman /
|c Merlin Stone.
|
| 250 |
|
|
|a 1st Harvest/HBJ ed.
|
| 260 |
|
|
|a New York :
|b Harcourt Brace Jovanovich,
|c 1976.
|
| 300 |
|
|
|a xxvii, 265 p., [8] leaves of plates :
|b ill. ;
|c 21 cm.
|
| 490 |
0 |
|
|a A Harvest/HBJ book
|
| 500 |
|
|
|a Includes index.
|
| 504 |
|
|
|a Includes bibliography (p. 246-257.)
|
| 541 |
|
|
|e 17591
|
| 650 |
|
0 |
|a Women and religion.
|9 4619
|
| 852 |
|
|
|a Ayesha Abed Library
|b ENH
|
| 856 |
4 |
2 |
|3 Publisher description
|u http://www.loc.gov/catdir/description/har041/77016262.html
|
| 942 |
|
|
|2 ddc
|c BK
|
| 999 |
|
|
|c 14362
|d 14362
|
| 952 |
|
|
|0 0
|1 0
|2 ddc
|4 0
|6 291_211000000000000_STO
|7 0
|9 24344
|a BRACUL
|b BRACUL
|c GEN
|d 2014-05-21
|l 1
|m 15
|o 291.211 STO
|p 3010017591
|r 2025-07-12
|s 2025-02-09
|t 1
|w 2014-05-21
|y BK
|x Transferred from ENH to Ayesha Abed library on 20/12/2023
|